02164aab a2200205 4500001001000000003001000010005001700020008004100037040004100078041000800119100002900127245007600156300005800232520151700290650001901807773009501826942000801921945001201929999001701941768714001CO-MdFUSB20250301120538.0170811s1987 cr ||||| |||| 00| 0 spa d aCO-MdFUSBbspacCO-MdFUSBdCO-MdFUSB aspa1 aSimpson, Charleseautor 10aUn enfoque nuevo del Salmo 23 : bcaminos de porderc/ Simpson, Charles aVolumen 1. Número 1 (1987), páginas 4-9c: 28 cm. aUn amigo mío compartió su experiencia como presidente del jurado en un caso de asesinato, donde una mujer fue acusada de pagar a su novio para matar a sus padres. A pesar de que todos los miembros del jurado creían que la mujer era culpable, uno de ellos tenía dudas técnicas sobre la evidencia, lo que causó un desacuerdo y retrasó el veredicto. Tras varios días de deliberaciones, el presidente del jurado se dirigió al juez para expresar que, aunque se habían pagado muchos precios por el juicio, la justicia no siempre se logra siguiendo estrictamente la ley. Esto fue un recordatorio de que la justicia debe ser guiada por la rectitud, más allá de los aspectos legales. El texto también reflexiona sobre la justicia divina, señalando que Dios no sacrifica la justicia por misericordia, sino que ambas se cumplen a través del sacrificio de Jesucristo. Se discute la batalla entre la rectitud y la maldad, y cómo Cristo, como el Justo, triunfó sobre el pecado, la muerte y el mal. La justicia divina se manifestará plenamente en el regreso de Cristo, quien establecerá su reino justo. Finalmente, se habla sobre las dificultades humanas (como Satanás, el ego y las circunstancias) que impiden la manifestación de la justicia, pero se asegura que los creyentes, guiados por el Espíritu, pueden superar estos obstáculos. Este es un resumen de los puntos clave del texto, destacando la importancia de la rectitud y la justicia divina en la vida y el juicio humano. 7aJusticia921160 tConquista Cristiana049446960350gVolumen 1. Número 1 (1987), páginas 4-9qPágina 4 cANA aJTF-925 c50357d50357